Statistics for Top 15 NBA Players in 2020

Click here to take the quiz!

General Stats

  • This quiz has been taken 2,007 times
    (1,607 since last reset)
  • The average score is 10 of 15

Answer Stats

RankAnswer% Correct
1LeBron James
100%
2Giannis Antetokounmpo
88%
8James Harden
83%
4Nikola Jokic
83%
5Anthony Davis
82%
3Kawhi Leonard
80%
13Joel Embiid
77%
6Luka Doncic
72%
15Russell Westbrook
71%
12Jimmy Butler
66%
7Damian Lillard
64%
10Jayson Tatum
64%
9Ben Simmons
35%
14Karl-Anthony Towns
35%
11Bam Adebayo
29%

Score Distribution

Percentile by Number Answered

Percent of People with Each Score

Your Score History

You have not taken this quiz since the last reset